[Event "British Columbia op"]
[Site "Richmond CAN"]
[Date "2011.08.01"]
[Round "5"]
[White "Cheng, Jack"]
[Black "Li, Changhe"]
[Result "1/2-1/2"]
[WhiteElo "1960"]
[BlackElo "1982"]
[PlyCount "72"]
[GameId "2160767909649171"]
[EventDate "2011.07.30"]
[EventType "swiss"]
[EventRounds "6"]
[EventCountry "CAN"]
[SourceTitle "EXT 2014"]
[Source "ChessBase"]
[SourceDate "2013.11.20"]
[SourceVersion "1"]
[SourceVersionDate "2013.11.20"]
[SourceQuality "1"]

1. e4 c5 2. Nf3 e6 3. d4 cxd4 4. Nxd4 a6 5. Nc3 Qc7 6. Be2 Nf6 7. O-O d6 8. f4 Be7 9. Be3 O-O 10. Bf3 Nbd7 11. g4 Rb8 12. g5 Ne8 13. a4 Nb6 14. Kh1 Nc4 15. Bc1 Na5 16. f5 Bd8 17. fxe6 fxe6 18. Bg4 Rxf1+ 19. Qxf1 Qe7 20. Be3 Nc7 21. Qe2 Nc6 22. Nxc6 bxc6 23. b3 c5 24. Rf1 Bb7 25. Bf3 Ne8 26. Bg2 Ba5 27. Qd3 Rd8 28. Ne2 d5 29. e5 Bc7 30. Bf4 g6 31. Ng3 Ng7 32. Qe2 Rf8 33. h4 h5 34. Qd3 Kh7 35. Qe2 Nf5 36. Nxf5 Rxf5 1/2-1/2

[Event "British Columbia op"]
[Site "Richmond CAN"]
[Date "2011.08.01"]
[Round "5"]
[White "Doknjas, John"]
[Black "Patterson, Roger"]
[Result "1-0"]
[WhiteElo "1931"]
[BlackElo "2141"]
[PlyCount "87"]
[GameId "2160767909649172"]
[EventDate "2011.07.30"]
[EventType "swiss"]
[EventRounds "6"]
[EventCountry "CAN"]
[SourceTitle "EXT 2014"]
[Source "ChessBase"]
[SourceDate "2013.11.20"]
[SourceVersion "1"]
[SourceVersionDate "2013.11.20"]
[SourceQuality "1"]

1. d4 f5 2. g3 Nf6 3. Bg2 g6 4. Nf3 Bg7 5. O-O O-O 6. b3 d6 7. Bb2 c6 8. c4 Na6 9. Nc3 Bd7 10. d5 Nc7 11. Nd4 Qe8 12. dxc6 bxc6 13. Rb1 Rc8 14. e4 Ne6 15. Nxe6 Bxe6 16. Qe2 fxe4 17. Nxe4 Nxe4 18. Bxg7 Kxg7 19. Bxe4 Bf5 20. Rfe1 Rc7 21. Qb2+ Kg8 22. Bxf5 Rxf5 23. Re6 Qf7 24. Rbe1 Rf6 25. Rxf6 Qxf6 26. Qxf6 exf6 27. Re6 Rd7 28. Rxf6 Kg7 29. Rf3 d5 30. cxd5 cxd5 31. Kf1 Rc7 32. Ke1 Rc2 33. a4 h5 34. Rd3 Rb2 35. Rxd5 Rxb3 36. Rd7+ Kf6 37. Rxa7 Ra3 38. a5 Ra2 39. a6 h4 40. gxh4 Ra4 41. Ra8 Kg7 42. a7 Ra2 43. f4 Kh7 44. h5 1-0

[Event "British Columbia op"]
[Site "Richmond CAN"]
[Date "2011.08.01"]
[Round "5"]
[White "Yoos, John"]
[Black "Chan, James"]
[Result "1/2-1/2"]
[WhiteElo "2373"]
[BlackElo "1988"]
[PlyCount "114"]
[GameId "2160767909649175"]
[EventDate "2011.07.30"]
[EventType "swiss"]
[EventRounds "6"]
[EventCountry "CAN"]
[SourceTitle "EXT 2014"]
[Source "ChessBase"]
[SourceDate "2013.11.20"]
[SourceVersion "1"]
[SourceVersionDate "2013.11.20"]
[SourceQuality "1"]

1. e4 c5 2. Nf3 d6 3. d4 cxd4 4. Nxd4 Nf6 5. Nc3 a6 6. Bg5 Nbd7 7. f4 Qc7 8. Qf3 h6 9. Bh4 g5 10. fxg5 hxg5 11. Bxg5 Ne5 12. Qe2 Bg4 13. Qd2 Ned7 14. Nf3 Bg7 15. O-O-O O-O-O 16. Be2 Kb8 17. Nd4 Be6 18. Kb1 Rc8 19. h3 Qa5 20. Nxe6 fxe6 21. Be3 Ne5 22. Qd4 Nc6 23. Qb6 Nd7 24. Qxa5 Nxa5 25. Bd4 Bxd4 26. Rxd4 Ne5 27. Rf1 Rhg8 28. Rf2 Rg3 29. Rd1 Rcg8 30. Bf1 Nac4 31. Bxc4 Nxc4 32. Rf7 Re8 33. Rg1 Ne5 34. Rf2 Reg8 35. Ne2 Re3 36. b3 Rxe4 37. g4 Kc7 38. Rg3 Ng6 39. Kc1 Kd7 40. Kd2 Nh4 41. Re3 Rb4 42. c3 Rb5 43. Nd4 Rd5 44. Ke2 e5 45. Nf5 Ng6 46. c4 Rc5 47. Kf1 b5 48. cxb5 axb5 49. Kg2 e6 50. Nh6 Rg7 51. Kg3 Rc1 52. a4 bxa4 53. bxa4 Nf4 54. Rb3 Kc6 55. h4 Ra7 56. g5 Rxa4 57. Ng4 Nh5+ 1/2-1/2

[Event "British Columbia op"]
[Site "Richmond CAN"]
[Date "2011.08.01"]
[Round "6"]
[White "Patterson, Roger"]
[Black "Cheng, Jack"]
[Result "1/2-1/2"]
[WhiteElo "2141"]
[BlackElo "1960"]
[PlyCount "53"]
[GameId "2160767909649179"]
[EventDate "2011.07.30"]
[EventType "swiss"]
[EventRounds "6"]
[EventCountry "CAN"]
[SourceTitle "EXT 2014"]
[Source "ChessBase"]
[SourceDate "2013.11.20"]
[SourceVersion "1"]
[SourceVersionDate "2013.11.20"]
[SourceQuality "1"]

1. e4 e5 2. Nf3 Nc6 3. Bb5 a6 4. Ba4 Nf6 5. O-O b5 6. Bb3 Bb7 7. Re1 Bc5 8. c3 d6 9. d4 Bb6 10. Be3 O-O 11. d5 Ne7 12. Bxb6 cxb6 13. Nbd2 Ng6 14. Nf1 h6 15. Ng3 Bc8 16. h3 Nf4 17. Re3 Bd7 18. c4 bxc4 19. Bxc4 b5 20. Bf1 Qa5 21. Ra3 Qb6 22. Rc3 Rac8 23. Rac1 Qb7 24. b4 Rxc3 25. Rxc3 Rc8 26. Qc2 Rxc3 27. Qxc3 1/2-1/2

[Event "British Columbia op"]
[Site "Richmond CAN"]
[Date "2011.08.01"]
[Round "6"]
[White "Sohal, Tanraj"]
[Black "Doknjas, John"]
[Result "1/2-1/2"]
[WhiteElo "2032"]
[BlackElo "1931"]
[PlyCount "31"]
[GameId "2160767909649180"]
[EventDate "2011.07.30"]
[EventType "swiss"]
[EventRounds "6"]
[EventCountry "CAN"]
[SourceTitle "EXT 2014"]
[Source "ChessBase"]
[SourceDate "2013.11.20"]
[SourceVersion "1"]
[SourceVersionDate "2013.11.20"]
[SourceQuality "1"]

1. d4 Nf6 2. c4 c5 3. d5 e6 4. Nc3 exd5 5. cxd5 d6 6. Nf3 g6 7. Bf4 Bg7 8. Qa4+ Bd7 9. Qb3 Qc7 10. e4 O-O 11. Bd3 Re8 12. Nd2 Nh5 13. Bg3 f5 14. O-O Nxg3 15. fxg3 fxe4 16. Ncxe4 1/2-1/2

[Event "British Columbia op"]
[Site "Richmond CAN"]
[Date "2011.08.01"]
[Round "6"]
[White "Yoos, John"]
[Black "Erichsen, Dan"]
[Result "1-0"]
[WhiteElo "2373"]
[BlackElo "2128"]
[PlyCount "89"]
[GameId "2160767909649182"]
[EventDate "2011.07.30"]
[EventType "swiss"]
[EventRounds "6"]
[EventCountry "CAN"]
[SourceTitle "EXT 2014"]
[Source "ChessBase"]
[SourceDate "2013.11.20"]
[SourceVersion "1"]
[SourceVersionDate "2013.11.20"]
[SourceQuality "1"]

1. e4 e5 2. f4 d5 3. exd5 exf4 4. Nf3 Nf6 5. Bb5+ c6 6. dxc6 Nxc6 7. d4 Bd6 8. O-O O-O 9. Nc3 Bg4 10. Kh1 a6 11. Bxc6 bxc6 12. Qd3 Re8 13. Bd2 Bh5 14. Rae1 Bg6 15. Qc4 Qc7 16. Rxe8+ Rxe8 17. Ne5 Bxc2 18. Bxf4 Bg6 19. Qxa6 Nh5 20. Bd2 Bxe5 21. dxe5 Qxe5 22. Qxc6 Bd3 23. Rc1 Nf6 24. h3 Qb8 25. Re1 Rc8 26. Qf3 Ba6 27. Ne4 Nxe4 28. Qxe4 Bb7 29. Qg4 h5 30. Qxh5 Qa7 31. Qf5 Qxa2 32. Bc3 Qa6 33. Re7 Rf8 34. Qg4 g6 35. Re2 Qd6 36. Qh4 f6 37. Rd2 Qe6 38. Qh6 Qf5 39. Kg1 Ra8 40. Qe3 Rf8 41. Qg3 Qc5+ 42. Kh2 Kg7 43. Qg4 Bc8 44. Qf4 Bf5 45. Bb4 1-0

[Event "British Columbia op U1800"]
[Site "Richmond CAN"]
[Date "2011.07.30"]
[Round "1.19"]
[White "Geng, Li"]
[Black "Ganea, Mihai"]
[Result "1/2-1/2"]
[WhiteElo "1456"]
[BlackElo "1588"]
[PlyCount "117"]
[GameId "2160767909649183"]
[EventDate "2011.07.30"]
[EventType "swiss"]
[EventRounds "6"]
[EventCountry "CAN"]

1. d4 Nf6 2. c4 g6 3. Nc3 Bg7 4. e4 d6 5. Nf3 O-O 6. Bf4 b6 7. e5 Nfd7 8. Qd2 Bb7 9. O-O-O Re8 10. Ng5 Nf8 11. h4 a5 12. h5 dxe5 13. dxe5 Qxd2+ 14. Rxd2 h6 15. Nge4 g5 16. Bg3 Na6 17. f4 f6 18. fxg5 fxg5 19. a3 Ne6 20. Be2 Nac5 21. Nxc5 Nxc5 22. Bd1 Rad8 23. Nd5 Bxd5 24. cxd5 Ne4 25. Rd3 Nxg3 26. Rxg3 Bxe5 27. Rd3 Rf8 28. Bb3 Bd6 29. Re1 Kg7 30. Re6 Rf6 31. Kc2 Rdf8 32. Kc3 Rc8 33. Ba4 c6 34. Rxf6 cxd5+ 35. Kb3 Kxf6 36. Rxd5 Rc5 37. Rxc5 Bxc5 38. Kc4 g4 39. b4 axb4 40. axb4 Bg1 41. Bc2 g3 42. Kd3 Ke5 43. Bd1 Kf4 44. b5 e5 45. Bf3 Bf2 46. Be4 Kg5 47. Bf3 Kf6 48. Ke4 Ke6 49. Be2 Kd6 50. Bd3 Be1 51. Be2 Bd2 52. Bd3 Bf4 53. Be2 Kc5 54. Bd3 Kb4 55. Be2 Kc3 56. Bf3 Kd2 57. Bg4 Ke1 58. Bf3 Kf2 59. Kd3 1/2-1/2

[Event "British Columbia op U1800"]
[Site "Richmond CAN"]
[Date "2011.07.31"]
[Round "3.14"]
[White "Geng, Li"]
[Black "Rathburn, Hector"]
[Result "1/2-1/2"]
[WhiteElo "1456"]
[BlackElo "1681"]
[PlyCount "86"]
[GameId "2160767909649184"]
[EventDate "2011.07.30"]
[EventType "swiss"]
[EventRounds "6"]
[EventCountry "CAN"]

1. d4 Nf6 2. c4 e6 3. Nc3 Bb4 4. Qc2 d5 5. Bg5 O-O 6. a3 Bxc3+ 7. Qxc3 h6 8. Bxf6 Qxf6 9. e3 c6 10. Nf3 Nd7 11. Bd3 Re8 12. Ne5 a5 13. c5 Nxe5 14. dxe5 Qe7 15. O-O Qc7 16. Rad1 Rd8 17. Bc2 b5 18. b4 Ra7 19. Qd3 Qxe5 20. f4 Qf6 21. e4 Qg6 22. f5 exf5 23. exf5 Qf6 24. Qd4 Qxd4+ 25. Rxd4 axb4 26. axb4 Re8 27. Rdf4 Re2 28. R4f2 Rxf2 29. Rxf2 Ra1+ 30. Rf1 Ra2 31. Rf2 Rb2 32. f6 g6 33. Re2 Be6 34. Bd3 Rxe2 35. Bxe2 Bf5 36. Kf2 Kf8 37. Ke3 Ke8 38. Kd4 Kd7 39. Ke5 d4 40. Kxd4 Ke6 41. g4 Bc2 42. Bf3 Kd7 43. Ke5 Bb3 1/2-1/2

[Event "British Columbia-ch"]
[Site "Burnaby CAN"]
[Date "2011.10.07"]
[Round "1.1"]
[White "Pechisker, Alfred"]
[Black "Laceste, Loren"]
[Result "0-1"]
[WhiteElo "2293"]
[BlackElo "2158"]
[PlyCount "136"]
[GameId "2160767909648045"]
[EventDate "2011.10.07"]
[EventType "tourn"]
[EventRounds "7"]
[EventCountry "CAN"]
[SourceTitle "EXT 2022"]
[Source "ChessBase"]
[SourceDate "2021.10.06"]
[SourceVersion "1"]
[SourceVersionDate "2021.10.06"]
[SourceQuality "1"]

1. d4 Nf6 2. c4 e6 3. Nf3 d5 4. Nc3 Be7 5. Bg5 Nbd7 6. e3 a6 7. c5 O-O 8. Bd3 c6 9. b4 a5 10. a3 e5 11. dxe5 Ne4 12. Bxe4 Bxg5 13. Bc2 Bh6 14. O-O axb4 15. axb4 Rxa1 16. Qxa1 g6 17. Ne2 Bg7 18. Nf4 Qe7 19. Nd3 Re8 20. Rb1 g5 21. h3 h5 22. Qa3 g4 23. hxg4 hxg4 24. Nd4 Nxe5 25. Nxe5 Qxe5 26. g3 Qh5 27. Qd3 Bxd4 28. Qxd4 Re6 29. Kf1 Qh1+ 30. Ke2 Qf3+ 31. Ke1 Rf6 32. Qd2 Be6 33. Qe2 Qg2 34. Bd3 d4 35. exd4 Qh1+ 36. Kd2 Qd5 37. Qe5 Rxf2+ 38. Kc3 Rf3 39. Qxd5 Bxd5 40. Kd2 Rxg3 41. Bf5 Bc4 42. Re1 Kf8 43. Re4 Bd5 44. Rxg4 Rb3 45. Rh4 Rxb4 46. Kc3 Rb3+ 47. Kc2 Rb5 48. Rh6 b6 49. cxb6 Rxb6 50. Kd2 Ke7 51. Ke3 Rb3+ 52. Kd2 Rf3 53. Bc2 f5 54. Ba4 Kd7 55. Rh7+ Kd6 56. Rh6+ Kc7 57. Rf6 Be4 58. Ke2 Rc3 59. Bd1 Ra3 60. Kf2 Rd3 61. Bh5 Rxd4 62. Bg6 Rd5 63. Ke3 c5 64. Bf7 Rd6 65. Be6 Kb6 66. Rg6 c4 67. Kf4 c3 68. Ke5 Rc6 0-1

[Event "British Columbia-ch"]
[Site "Burnaby CAN"]
[Date "2011.10.07"]
[Round "1.2"]
[White "Doknjas, John"]
[Black "McLaren, Brian"]
[Result "0-1"]
[WhiteElo "2075"]
[BlackElo "2186"]
[PlyCount "44"]
[GameId "2160767909648046"]
[EventDate "2011.10.07"]
[EventType "tourn"]
[EventRounds "7"]
[EventCountry "CAN"]
[SourceTitle "EXT 2022"]
[Source "ChessBase"]
[SourceDate "2021.10.06"]
[SourceVersion "1"]
[SourceVersionDate "2021.10.06"]
[SourceQuality "1"]

1. d4 d5 2. c4 e6 3. Nc3 c6 4. e4 dxe4 5. Nxe4 Bb4+ 6. Bd2 Qxd4 7. Bxb4 Qxe4+ 8. Be2 Nd7 9. Nf3 c5 10. Bc3 f6 11. O-O Qc6 12. Bd3 Ne7 13. Qc2 Nf8 14. Rab1 Qc7 15. b4 cxb4 16. Bxb4 Nc6 17. Bxf8 Kxf8 18. Rfe1 g6 19. h4 e5 20. h5 Bg4 21. Nh2 gxh5 22. Bf5 Nd4 0-1

[Event "British Columbia-ch"]
[Site "Burnaby CAN"]
[Date "2011.10.07"]
[Round "1.3"]
[White "Gansvind, Valeriya"]
[Black "Doroshenko, Maxim"]
[Result "1/2-1/2"]
[WhiteElo "2308"]
[BlackElo "2542"]
[PlyCount "120"]
[GameId "2160767909648047"]
[EventDate "2011.10.07"]
[EventType "tourn"]
[EventRounds "7"]
[EventCountry "CAN"]
[SourceTitle "EXT 2022"]
[Source "ChessBase"]
[SourceDate "2021.10.06"]
[SourceVersion "1"]
[SourceVersionDate "2021.10.06"]
[SourceQuality "1"]

1. d4 g6 2. g3 Nf6 3. Bg2 d5 4. Nf3 Bg7 5. O-O O-O 6. Ne5 c6 7. c4 Nbd7 8. Nc3 e6 9. Nxd7 Qxd7 10. Qd3 b6 11. cxd5 exd5 12. Bf4 Bb7 13. Rfd1 Nh5 14. Bd2 f5 15. e3 Nf6 16. Be1 Ne4 17. Rac1 Rfe8 18. Qb1 Ba6 19. b4 Nxc3 20. Rxc3 Bc4 21. a4 a6 22. Rdc1 b5 23. a5 Ra7 24. Rd1 Qd6 25. Rcc1 Rae7 26. Bc3 Kh8 27. Re1 Qf6 28. Bh3 Bh6 29. Bd2 Qg5 30. Qc2 Qh5 31. Bg2 Rf7 32. Qd1 Qg5 33. h4 Qf6 34. Bf3 Bf8 35. Kg2 Bd6 36. Bc3 Kg8 37. Rb1 Kf8 38. Rb2 Ke7 39. Rh1 Kd7 40. Qd2 Kc7 41. Rbb1 h6 42. Rbe1 Rh8 43. Rh3 g5 44. hxg5 hxg5 45. Rxh8 Qxh8 46. Rh1 Qf6 47. Qc2 f4 48. exf4 gxf4 49. g4 Qe7 50. Rh6 Rg7 51. Qf5 Rg5 52. Qh7 Rg7 53. Qh8 Qd7 54. Qa8 Rxg4+ 55. Kh2 Rg7 56. Qa7+ Kd8 57. Rxd6 Rh7+ 58. Kg1 Rg7+ 59. Kh2 Rh7+ 60. Kg1 Rg7+ 1/2-1/2

[Event "British Columbia-ch"]
[Site "Burnaby CAN"]
[Date "2011.10.07"]
[Round "1.4"]
[White "Yoos, John"]
[Black "Sohal, Tanraj"]
[Result "1/2-1/2"]
[WhiteElo "2417"]
[BlackElo "2186"]
[PlyCount "76"]
[GameId "2160767909648048"]
[EventDate "2011.10.07"]
[EventType "tourn"]
[EventRounds "7"]
[EventCountry "CAN"]
[SourceTitle "EXT 2022"]
[Source "ChessBase"]
[SourceDate "2021.10.06"]
[SourceVersion "1"]
[SourceVersionDate "2021.10.06"]
[SourceQuality "1"]

1. e4 c5 2. Nf3 Nc6 3. d4 cxd4 4. Nxd4 Nf6 5. Nc3 e5 6. Ndb5 d6 7. Bg5 a6 8. Na3 b5 9. Bxf6 gxf6 10. Nd5 Bg7 11. Bd3 Ne7 12. Nxe7 Qxe7 13. O-O O-O 14. c4 f5 15. Qf3 bxc4 16. Nxc4 d5 17. exd5 e4 18. Qe3 Bb7 19. d6 Qf6 20. Bc2 f4 21. Qh3 Qd4 22. b3 f5 23. Rad1 Qc5 24. b4 Qa7 25. Na5 Kh8 26. Kh1 Rac8 27. d7 Rcd8 28. Bb3 Qb6 29. a3 Ba8 30. Qh4 e3 31. fxe3 fxe3 32. Nc4 Qc6 33. Nxe3 Qc3 34. Rxf5 Qxe3 35. Rxf8+ Rxf8 36. d8=Q Bxg2+ 37. Kxg2 Qf3+ 38. Kg1 Qe3+ 1/2-1/2

[Event "British Columbia-ch"]
[Site "Burnaby CAN"]
[Date "2011.10.08"]
[Round "2.1"]
[White "Laceste, Loren"]
[Black "Sohal, Tanraj"]
[Result "1-0"]
[WhiteElo "2158"]
[BlackElo "2186"]
[PlyCount "105"]
[GameId "2160767909648049"]
[EventDate "2011.10.07"]
[EventType "tourn"]
[EventRounds "7"]
[EventCountry "CAN"]
[SourceTitle "EXT 2022"]
[Source "ChessBase"]
[SourceDate "2021.10.06"]
[SourceVersion "1"]
[SourceVersionDate "2021.10.06"]
[SourceQuality "1"]

1. d4 c5 2. d5 e5 3. e4 d6 4. Nf3 Be7 5. Nc3 Bg4 6. h3 Bxf3 7. Qxf3 Bg5 8. Bxg5 Qxg5 9. Nb5 Qd8 10. Qg4 g6 11. Nxd6+ Qxd6 12. Qc8+ Qd8 13. Bb5+ Nd7 14. Bxd7+ Ke7 15. Qxb7 Rb8 16. Qxa7 Qb6 17. Qxb6 Rxb6 18. Bc6 Rxb2 19. Kd2 Nf6 20. f3 Rhb8 21. a4 R2b6 22. g4 Kd6 23. Rhe1 Ng8 24. Bb5 Ne7 25. c4 f6 26. h4 h6 27. Kd3 R6b7 28. Ra2 Ra7 29. Rg2 Rf8 30. Kd2 Rh8 31. f4 Raa8 32. g5 Raf8 33. a5 fxg5 34. fxe5+ Kxe5 35. hxg5 h5 36. a6 Nc8 37. Bc6 Nd6 38. a7 Nxc4+ 39. Kc3 Nb6 40. Rb1 Na8 41. Kc4 h4 42. Rh2 h3 43. Kxc5 Kxe4 44. d6+ Kf4 45. Rf2+ Kg3 46. Rxf8 Rxf8 47. Bxa8 Rxa8 48. d7 h2 49. Kb6 Kg2 50. Kb7 Rd8 51. a8=Q h1=Q 52. Rxh1 Rxa8 53. Kxa8 1-0

[Event "British Columbia-ch"]
[Site "Burnaby CAN"]
[Date "2011.10.08"]
[Round "2.2"]
[White "Doroshenko, Maxim"]
[Black "Yoos, John"]
[Result "1/2-1/2"]
[WhiteElo "2542"]
[BlackElo "2417"]
[PlyCount "76"]
[GameId "2160767909648050"]
[EventDate "2011.10.07"]
[EventType "tourn"]
[EventRounds "7"]
[EventCountry "CAN"]
[SourceTitle "EXT 2022"]
[Source "ChessBase"]
[SourceDate "2021.10.06"]
[SourceVersion "1"]
[SourceVersionDate "2021.10.06"]
[SourceQuality "1"]

1. Nf3 d6 2. d4 Nf6 3. c4 g6 4. Nc3 Bg7 5. e4 O-O 6. Be2 e5 7. O-O Nc6 8. d5 Ne7 9. b4 Ne8 10. c5 f5 11. Nd2 Nf6 12. f3 f4 13. Nc4 g5 14. a4 Ng6 15. cxd6 cxd6 16. Nb5 Ne8 17. Bd2 h5 18. Be1 a6 19. Nc3 Nf6 20. a5 g4 21. Nb6 Rb8 22. Nxc8 Qxc8 23. Rc1 Qd7 24. Na4 g3 25. h3 Nh7 26. Nb6 Qd8 27. Kh1 Rf7 28. Rg1 Qh4 29. Rc2 Bf8 30. Bd2 Rg7 31. b5 axb5 32. Bxb5 Rd8 33. Re1 Ng5 34. Bf1 Nh8 35. Bb4 Nhf7 36. Qe2 Be7 37. Kg1 Nxh3+ 38. gxh3 g2 1/2-1/2

[Event "British Columbia-ch"]
[Site "Burnaby CAN"]
[Date "2011.10.08"]
[Round "2.3"]
[White "McLaren, Brian"]
[Black "Gansvind, Valeriya"]
[Result "0-1"]
[WhiteElo "2186"]
[BlackElo "2308"]
[PlyCount "134"]
[GameId "2160767909648051"]
[EventDate "2011.10.07"]
[EventType "tourn"]
[EventRounds "7"]
[EventCountry "CAN"]
[SourceTitle "EXT 2022"]
[Source "ChessBase"]
[SourceDate "2021.10.06"]
[SourceVersion "1"]
[SourceVersionDate "2021.10.06"]
[SourceQuality "1"]

1. e4 c5 2. Nc3 e6 3. g3 d5 4. exd5 exd5 5. d4 Nf6 6. Bg2 cxd4 7. Qxd4 Nc6 8. Qa4 Bd7 9. Nf3 Bc5 10. Qb5 Qe7+ 11. Qe2 Qxe2+ 12. Nxe2 Bf5 13. c3 O-O-O 14. O-O Bd3 15. Re1 Rde8 16. Nf4 Rxe1+ 17. Nxe1 Be4 18. Nfd3 Bb6 19. Bf4 Nd7 20. Rd1 f6 21. h4 Re8 22. Kf1 Bxg2+ 23. Nxg2 Nde5 24. Be3 d4 25. cxd4 Bxd4 26. Bxd4 Nxd4 27. Nxe5 fxe5 28. Ne3 Re6 29. Nc4 Nc6 30. Ke2 Kc7 31. Ke3 b5 32. Nd2 Rd6 33. Rc1 Kb6 34. Nf3 a5 35. Ke4 Rd8 36. a3 Rf8 37. Rc2 Re8 38. Rd2 b4 39. a4 Rf8 40. Rd7 g6 41. Rxh7 Kc5 42. Rb7 Rd8 43. Ke3 Nd4 44. Nxd4 Rxd4 45. Rc7+ Kd5 46. Rc8 Re4+ 47. Kd3 Rd4+ 48. Kc2 Ke4 49. Rf8 Rd3 50. Rf6 b3+ 51. Kc1 Rd4 52. Re6 Rxa4 53. Kd2 Rc4 54. f4 Rc2+ 55. Kd1 Rxb2 56. Rxe5+ Kd3 57. Rd5+ Kc3 58. Rxa5 Rd2+ 59. Ke1 Rg2 60. Rc5+ Kb4 61. Rc6 b2 62. Rb6+ Kc5 63. Rb8 b1=Q+ 64. Rxb1 Rg1+ 65. Kf2 Rxb1 66. Kf3 Kd6 67. Kg4 Rb5 0-1

[Event "British Columbia-ch"]
[Site "Burnaby CAN"]
[Date "2011.10.08"]
[Round "2.4"]
[White "Pechisker, Alfred"]
[Black "Doknjas, John"]
[Result "1/2-1/2"]
[WhiteElo "2293"]
[BlackElo "2075"]
[PlyCount "53"]
[GameId "2160767909648052"]
[EventDate "2011.10.07"]
[EventType "tourn"]
[EventRounds "7"]
[EventCountry "CAN"]
[SourceTitle "EXT 2022"]
[Source "ChessBase"]
[SourceDate "2021.10.06"]
[SourceVersion "1"]
[SourceVersionDate "2021.10.06"]
[SourceQuality "1"]

1. d4 Nf6 2. c4 c5 3. d5 e6 4. Nc3 exd5 5. cxd5 d6 6. e4 g6 7. f3 Bg7 8. Be3 O-O 9. Qd2 a6 10. a4 h5 11. Bh6 Re8 12. Bxg7 Kxg7 13. Nge2 Nh7 14. Nf4 Nd7 15. Be2 Ne5 16. O-O f5 17. b3 Nf6 18. Bc4 fxe4 19. Nxe4 Nxe4 20. fxe4 Bd7 21. a5 Qe7 22. Rae1 Rf8 23. Qc3 Kh7 24. Nd3 Nxd3 25. Bxd3 Rxf1+ 26. Rxf1 Rf8 27. Qe1 1/2-1/2

[Event "British Columbia-ch"]
[Site "Burnaby CAN"]
[Date "2011.10.08"]
[Round "3.1"]
[White "Doknjas, John"]
[Black "Laceste, Loren"]
[Result "0-1"]
[WhiteElo "2075"]
[BlackElo "2158"]
[PlyCount "60"]
[GameId "2160767909648053"]
[EventDate "2011.10.07"]
[EventType "tourn"]
[EventRounds "7"]
[EventCountry "CAN"]
[SourceTitle "EXT 2022"]
[Source "ChessBase"]
[SourceDate "2021.10.06"]
[SourceVersion "1"]
[SourceVersionDate "2021.10.06"]
[SourceQuality "1"]

1. d4 Nf6 2. c4 e6 3. Nc3 d5 4. Bg5 Be7 5. Nf3 Nbd7 6. e3 b6 7. cxd5 exd5 8. Bd3 O-O 9. O-O Bb7 10. Rc1 c5 11. Bf5 c4 12. Nd2 a6 13. f3 h6 14. Bxf6 Nxf6 15. Bb1 b5 16. Ne2 Qb6 17. e4 dxe4 18. fxe4 Ng4 19. Rf4 f5 20. h3 Ne3 21. Qe1 Bg5 22. Rf3 fxe4 23. Bxe4 Nxg2 24. Rxf8+ Rxf8 25. Bxg2 Be3+ 26. Kh1 Bxg2+ 27. Kxg2 Qc6+ 28. Kh2 Rf2+ 29. Qxf2 Bxf2 30. Rf1 Bxd4 0-1

[Event "British Columbia-ch"]
[Site "Burnaby CAN"]
[Date "2011.10.08"]
[Round "3.2"]
[White "Gansvind, Valeriya"]
[Black "Pechisker, Alfred"]
[Result "1/2-1/2"]
[WhiteElo "2308"]
[BlackElo "2293"]
[PlyCount "123"]
[GameId "2160767909648054"]
[EventDate "2011.10.07"]
[EventType "tourn"]
[EventRounds "7"]
[EventCountry "CAN"]
[SourceTitle "EXT 2022"]
[Source "ChessBase"]
[SourceDate "2021.10.06"]
[SourceVersion "1"]
[SourceVersionDate "2021.10.06"]
[SourceQuality "1"]

1. d4 Nf6 2. Bg5 Ne4 3. Bf4 c5 4. f3 Nf6 5. d5 Qb6 6. Nc3 Qxb2 7. Bd2 Qb6 8. e4 d6 9. Rb1 Qd8 10. f4 g6 11. Nf3 Bg7 12. Bc4 Nfd7 13. Qe2 O-O 14. O-O Nb6 15. e5 Bg4 16. h3 Bxf3 17. Rxf3 dxe5 18. fxe5 Bxe5 19. Bh6 Bg7 20. Bxg7 Kxg7 21. Re1 N8d7 22. Bb5 a6 23. Bd3 Nf6 24. Be4 Nbd7 25. Re3 Qc7 26. Bf3 Rae8 27. a4 Qf4 28. Rb1 b6 29. Re1 a5 30. Kh1 e6 31. Qb5 Qb4 32. d6 Qxb5 33. Nxb5 Rd8 34. Rd1 Nb8 35. Rb3 Nfd7 36. Nc7 Kf6 37. Bb7 Ne5 38. Rxb6 Nc4 39. Rf1+ Kg7 40. Rb5 Nxd6 41. Rb6 Nxb7 42. Rxb7 Rd7 43. Rfb1 Rc8 44. Nxe6+ fxe6 45. Rxb8 Rxb8 46. Rxb8 Rd2 47. Rb5 Rxc2 48. Rxa5 Kf6 49. Ra7 c4 50. a5 Ke5 51. a6 Ra2 52. Rc7 Kd4 53. a7 h5 54. h4 e5 55. Kh2 c3 56. Kg3 c2 57. Rxc2 Rxa7 58. Rc6 Rg7 59. Kf3 g5 60. Rd6+ Kc5 61. Rh6 Kd4 62. Rd6+ 1/2-1/2

[Event "British Columbia-ch"]
[Site "Burnaby CAN"]
[Date "2011.10.08"]
[Round "3.3"]
[White "Yoos, John"]
[Black "McLaren, Brian"]
[Result "1/2-1/2"]
[WhiteElo "2417"]
[BlackElo "2186"]
[PlyCount "144"]
[GameId "2160767909648055"]
[EventDate "2011.10.07"]
[EventType "tourn"]
[EventRounds "7"]
[EventCountry "CAN"]
[SourceTitle "EXT 2022"]
[Source "ChessBase"]
[SourceDate "2021.10.06"]
[SourceVersion "1"]
[SourceVersionDate "2021.10.06"]
[SourceQuality "1"]

1. e4 Nf6 2. e5 Nd5 3. d4 d6 4. Nf3 dxe5 5. Nxe5 c6 6. Nd2 g6 7. Ndf3 Bg7 8. Be2 Nd7 9. c4 N5b6 10. Bf4 Nxe5 11. Nxe5 O-O 12. Qd2 f6 13. Nf3 Bg4 14. Rc1 Qd7 15. b3 Rad8 16. Rd1 g5 17. Be3 Be6 18. Qa5 Qc7 19. O-O Nd5 20. Qxc7 Nxc7 21. Ne1 Bf7 22. Bf3 a6 23. Nd3 h6 24. Nc5 b5 25. Bxc6 bxc4 26. Nd7 cxb3 27. Nxf8 Kxf8 28. axb3 Bxb3 29. Rb1 Bd5 30. Rfc1 Rd6 31. Rb8+ Kf7 32. Ba4 Nb5 33. Bxb5 axb5 34. Rxb5 f5 35. f3 Bf6 36. h3 Be6 37. Rd1 f4 38. Bf2 Bd5 39. Rc5 e6 40. Rc7+ Kg6 41. Kh1 Ra6 42. Rcc1 Ra4 43. Ra1 Rc4 44. Kg1 Rc2 45. Rac1 Ra2 46. Rd3 Ra4 47. Rd2 Rb4 48. Kf1 Ra4 49. Rb1 Be7 50. Rdb2 Ba2 51. Rc1 Bd5 52. Rd1 Bc4+ 53. Kg1 Bd5 54. Be1 Bf6 55. Bb4 Kf5 56. Bc5 Rc4 57. Bb6 h5 58. Rbd2 Ra4 59. Rb1 Kg6 60. Bc5 Rc4 61. Kf2 Kf5 62. Ke2 g4 63. hxg4+ hxg4 64. fxg4+ Kxg4 65. Kd3 Ra4 66. Rb8 e5 67. dxe5 Bxe5 68. Rb6 Be4+ 69. Ke2 f3+ 70. gxf3+ Bxf3+ 71. Kd3 Be4+ 72. Ke2 Bf3+ 1/2-1/2

[Event "British Columbia-ch"]
[Site "Burnaby CAN"]
[Date "2011.10.08"]
[Round "3.4"]
[White "Sohal, Tanraj"]
[Black "Doroshenko, Maxim"]
[Result "1/2-1/2"]
[WhiteElo "2186"]
[BlackElo "2542"]
[PlyCount "34"]
[GameId "2160767909648056"]
[EventDate "2011.10.07"]
[EventType "tourn"]
[EventRounds "7"]
[EventCountry "CAN"]
[SourceTitle "EXT 2022"]
[Source "ChessBase"]
[SourceDate "2021.10.06"]
[SourceVersion "1"]
[SourceVersionDate "2021.10.06"]
[SourceQuality "1"]

1. d4 Nf6 2. c4 g6 3. Nc3 Bg7 4. e4 d6 5. Nf3 O-O 6. Be2 Nbd7 7. O-O e5 8. dxe5 dxe5 9. Qc2 c6 10. b3 Re8 11. Ba3 Qc7 12. Rad1 Bf8 13. Bxf8 Nxf8 14. Qd2 Bg4 15. Qg5 Kg7 16. Nh4 Ne6 17. Qe3 Bxe2 1/2-1/2